000 00478nam a2200205 a 4500
001 BRCA_8275
005 20190320210216.0
008 100614s1944----mx-a###f##---#001-0#ger-#
041 _ager
044 _amx
050 4 _aPT2611
_b.M3 1944
100 1 _aMayer, Paul
_920667
245 1 0 _aExil
_bgedichte
_cPaul Mayer.
260 _aMéxico
_bEl libro libre
_c1944
300 _a64 p.
_c22 cm.
500 _aS53
650 1 4 _aPoesía
_917631
902 _aGFM
942 _2lcc
_cB
999 _c7943
_d7943